00897nam a2200265Ia 4500001000700000003000500007008004100012010001100053020001800064040000900082082002100091100002800112245011800140250001100258260003200269300001100301500005500312503007200367504002700439650004200466650002300508700003600531700003600567700002800603Z_3340CHAP220113s1979 xx 000 0 und d a166450 a84-200-0136-8 cCHAP a636.085 M33 1979 aMcDonald, Peter, 1926 - aNutrición animal /cPeter McDonald, R. A. Edwards y J. F. D. Greenhalgh; traducción Aurora Pérez Torromé a2a ed. aEspaña :bAcribia,c1979 a462 p. aTraducido de la obra en inglés: Animal Nutrition aej.1: Donado por Miguel J. García Winder \ ej.2. s/n \ ej.3: s/n aIncluye bibliografía aAlimentos y alimentación del ganado aNutrición animal a .Greenhalgh, J. F. D., coaut.  a Pérez Torromé, Aurora, tr. aEdwards, R. A., coaut.